000 00340nam a2200121Ia 4500
008 220204s9999 xx 000 0 und d
082 _a339.726.7
_bMEH
100 _aMEHRISH, B N
245 0 _aInternational organizatons: Structures and processes
260 _aDelhi
_bVishal
_c1976
490 _aVishal political science series
942 _cBK
999 _c24677
_d24677